000 00721nam a2200241Ia 4500
001 113556
003 DR-UNIBE
005 20251101062551.0
008 250506b2006 dr ||||| |||| 00| 0 spa d
040 _aBIBLIOTECA UNIBE
_cBIBLIOTECA UNIBE
_erda
041 _aspa
082 _aF-RD 5962
100 0 _aLockward, Ángel
_eautor
_931808
245 1 0 _aComentando la decisión de un juez deshonesto /
_cAngel Lockward
260 _aSanto Domingo :
_b[Editor no identificada],
_c2006
300 4 _a40 páginas
490 _aPensamiento político
650 7 _2lemb
_aJueces
650 7 _2lemb
_aCorrupción del poder judicial
_9103679
653 _aJueces -- Moral
942 _cMX
_2ddc
951 _a20061022 10:18:00
999 _c113556
_d113556